NDU-K Library Catalogue

Girl in a jacket 

International security : (Record no. 22589)

MARC details
000 -LEADER
fixed length control field 00485nam a22001817a 4500
003 - CONTROL NUMBER IDENTIFIER
control field OSt
005 - DATE AND TIME OF LATEST TRANSACTION
control field 20251003083812.0
008 - FIXED-LENGTH DATA ELEMENTS--GENERAL INFORMATION
fixed length control field 251003b |||||||| |||| 00| 0 eng d
020 ## - INTERNATIONAL STANDARD BOOK NUMBER
International Standard Book Number 8130902656
040 ## - CATALOGING SOURCE
Original cataloging agency LC
Transcribing agency JCSC
050 ## - LIBRARY OF CONGRESS CALL NUMBER
Classification number JZ 5588
Item number .S54 2006
100 ## - MAIN ENTRY--PERSONAL NAME
Personal name Michael Sheehan
245 ## - TITLE STATEMENT
Title International security :
Remainder of title an analytical survey /
Statement of responsibility, etc. Sheehan M.
260 ## - PUBLICATION, DISTRIBUTION, ETC.
Place of publication, distribution, etc. New delhi :
Name of publisher, distributor, etc. Viva books ;
Date of publication, distribution, etc. 2006.
300 ## - PHYSICAL DESCRIPTION
Extent 201 pages.
504 ## - BIBLIOGRAPHY, ETC. NOTE
Bibliography, etc. note Includes index.
942 ## - ADDED ENTRY ELEMENTS (KOHA)
Source of classification or shelving scheme Library of Congress Classification
Koha item type Normal Collection
Suppress in OPAC No
Holdings
Withdrawn status Lost status Source of classification or shelving scheme Damaged status Not for loan Home library Current library Shelving location Date acquired Inventory number Total Checkouts Full call number Barcode Date last seen Price effective from Koha item type
    Library of Congress Classification     Joint Command and Staff College Joint Command and Staff College General Stacks 03/10/2025 4944/08   JZ 5588 .S54 2006 JCSC005993 03/10/2025 03/10/2025 Normal Collection
Copyright © 2026 [National Defence University - Kenya]. All rights reserved.